LEADER 03677nam 2200613 450 001 9910479865003321 005 20170822144505.0 010 $a1-4704-0436-2 035 $a(CKB)3360000000465019 035 $a(EBL)3114252 035 $a(SSID)ssj0000973209 035 $a(PQKBManifestationID)11539950 035 $a(PQKBTitleCode)TC0000973209 035 $a(PQKBWorkID)10958883 035 $a(PQKB)10349562 035 $a(MiAaPQ)EBC3114252 035 $a(PPN)195417232 035 $a(EXLCZ)993360000000465019 100 $a20050429h20052005 uy| 0 101 0 $aeng 135 $aur|n|---||||| 181 $ctxt 182 $cc 183 $acr 200 10$aHigher complex torsion and the framing principle /$fKiyoshi Igusa 210 1$aProvidence, Rhode Island :$cAmerican Mathematical Society,$d[2005] 210 4$dİ2005 215 $a1 online resource (114 p.) 225 1 $aMemoirs of the American Mathematical Society,$x0065-9266 ;$vnumber 835 300 $a"Volume 177, number 835 (third of 4 numbers)." 311 $a0-8218-3773-7 320 $aIncludes bibliographical references. 327 $a""Contents""; ""Introduction""; ""0.1. Higher Franz-Reidemeister torsion""; ""0.2. Construction of I??[sub(k)]""; ""0.3. Framing Principle""; ""0.4. Complex torsion""; ""Chapter 1. Complex torsion""; ""1.1. Definition for closed AC fibers""; ""1.2. Generalized Miller-Morita-Mumford classes""; ""1.3. Complex Framing Principle""; ""1.4. Nonempty boundary case""; ""Chapter 2. Definition of higher FRa???torsion""; ""2.1. Generalized Morse functions""; ""2.2. Families of chain complexes""; ""2.3. Monomial functors""; ""2.4. Filtered chain complexes""; ""2.5. Subfunctors"" 327 $a""2.6. The Whitehead category""""2.7. Definition in acyclic case""; ""2.8. Families of matrices as flat superconnections""; ""2.9. Independence of birth-death points""; ""2.10. Positive suspension lemma""; ""2.11. Definition in upper triangular case""; ""Chapter 3. Properties of higher FRa???torsion""; ""3.1. Basic properties""; ""3.2. Suspension Theorem""; ""3.3. Additivity, Splitting Lemma""; ""3.4. Applications of the Splitting Lemma""; ""3.5. Local equivalence lemma""; ""3.6. Product formula""; ""3.7. Transfer for coverings""; ""3.8. More transfer formulas"" 327 $a""Chapter 4. The Framing Principle""""4.1. Statement for Morse bundles""; ""4.2. General statement""; ""4.3. Push-down/transfer""; ""4.4. The Framing Principle""; ""Chapter 5. Proof of the Framing Principle""; ""5.1. Transfer theorem""; ""5.2. Stratified deformation lemma""; ""5.3. Proof of transfer theorem""; ""5.4. Proof of Framing Principle""; ""Chapter 6. Applications of the Framing Principle""; ""6.1. Torelli group""; ""6.2. Even dimensional fibers""; ""6.3. Unoriented fibers""; ""6.4. Vertical normal disk bundle""; ""Chapter 7. The Stability Theorem""; ""7.1. Definitions"" 327 $a""7.2. Stability for C(M)""""7.3. Involution""; ""7.4. Disks and spheres""; ""7.5. Relation to higher torsion""; ""Bibliography"" 410 0$aMemoirs of the American Mathematical Society ;$vno. 835. 606 $aReidemeister torsion 606 $aDifferentiable mappings 606 $aDiffeomorphisms 608 $aElectronic books. 615 0$aReidemeister torsion. 615 0$aDifferentiable mappings. 615 0$aDiffeomorphisms. 676 $a510 s 676 $a514/.72 700 $aIgusa$b Kiyoshi$f1949-$0894342 801 0$bMiAaPQ 801 1$bMiAaPQ 801 2$bMiAaPQ 906 $aBOOK 912 $a9910479865003321 996 $aHigher complex torsion and the framing principle$91997857 997 $aUNINA LEADER 01339nam 2200445 450 001 9910467879103321 005 20200520144314.0 010 $a2-7380-1406-2 035 $a(CKB)4340000000189004 035 $a(MiAaPQ)EBC4901622 035 $a(Au-PeEL)EBL4901622 035 $a(CaPaEBR)ebr11409767 035 $a(OCoLC)993762072 035 $a(PPN)220193096 035 $a(EXLCZ)994340000000189004 100 $a20170809h20152015 uy 0 101 0 $afre 135 $aurcnu|||||||| 181 $2rdacontent 182 $2rdamedia 183 $2rdacarrier 200 03$aLe muscle et la viande /$fInstitut National de la Recherche Agronomique 210 1$aVersailles, France :$ce?ditions Quae,$d2015. 210 4$dİ2015 215 $a1 online resource (133 pages) $cillustrations (some color), tables 225 0 $aIntra Productions Animales ;$vVolume 28, Nume?ro 2 311 $a2-7380-1376-7 320 $aIncludes bibliographical references at the end of each chapters. 606 $aMeat 608 $aElectronic books. 615 0$aMeat. 676 $a641.36 712 02$aInstitut National de la Recherche Agronomique. 801 0$bMiAaPQ 801 1$bMiAaPQ 801 2$bMiAaPQ 906 $aBOOK 912 $a9910467879103321 996 $aLe muscle et la viande$91998433 997 $aUNINA LEADER 02512nam 2200493 450 001 996508672303316 005 20230508004323.0 010 $a3-031-22419-1 024 7 $a10.1007/978-3-031-22419-5 035 $a(MiAaPQ)EBC7168716 035 $a(Au-PeEL)EBL7168716 035 $a(DE-He213)978-3-031-22419-5 035 $a(PPN)267806868 035 $a(EXLCZ)9925945660900041 100 $a20230508d2023 uy 0 101 0 $aeng 135 $aurcnu|||||||| 181 $ctxt$2rdacontent 182 $cc$2rdamedia 183 $acr$2rdacarrier 200 00$aAdvances in Artificial Intelligence - IBERAMIA 2022 $e17th Ibero-American Conference on AI, Cartagena de Indias, Colombia, November 23-25, 2022, proceedings /$fedited by Ana Cristina Bicharra Garcia, Mariza Ferro, and Julio Cesar Rodri?guez Ribo?n 205 $a1st ed. 2022. 210 1$aCham, Switzerland :$cSpringer,$d[2023] 210 4$dİ2023 215 $a1 online resource (422 pages) 225 1 $aLecture Notes in Artificial Intelligence,$x2945-9141 ;$v13788 300 $aIncludes index. 311 08$aPrint version: Bicharra Garcia, Ana Cristina Advances in Artificial Intelligence - IBERAMIA 2022 Cham : Springer International Publishing AG,c2023 9783031224188 327 $aApplications of AI -- Ethics and Smart City -- Green and Sustainable AI -- Machine Learning -- Natural Language Processing -- Robotics and Computer Vision -- Simulation and Forecasting. 330 $aThis book constitutes the refereed proceedings of the 17th Ibero-American Conference on Artificial Intelligence, IBERAMIA 2022, held in Cartagena de Indias, Colombia, in November 2022. The 33 full and 4 short papers presented were carefully reviewed and selected from 67 submissions. The papers are organized in the following topical sections: applications of AI; ethics and smart city; green and sustainable AI; machine learning; natural language processing; robotics and computer vision; simulation and forecasting. 410 0$aLecture Notes in Artificial Intelligence,$x2945-9141 ;$v13788 606 $aArtificial intelligence 615 0$aArtificial intelligence. 676 $a016.403 702 $aBicharra Garcia$b Ana Cristina 702 $aFerro$b Mariza 702 $aRodri?guez Ribo?n$b Julio Ce?sar 801 0$bMiAaPQ 801 1$bMiAaPQ 801 2$bMiAaPQ 906 $aBOOK 912 $a996508672303316 996 $aAdvances in Artificial Intelligence - IBERAMIA 2022$93364352 997 $aUNISA